000 00726nam a2200205Ia 4500
003 GCL
005 20240530101851.0
008 140319s9999 xx 000 0 ara d
040 _aGCL /
_cGCL
082 0 4 _a962.031
_bق/ع ج
100 1 _aعبدالرحمن زكى
245 1 0 _aالجيش المصرى فى عهد محمد على باشا الكبير /
_cعبدالرحمن زكى
260 _aالقاهرة :
_bدار الكتب المصرية ،
_c1939
300 _a206 ص:
_bايض ؛
_c24 سم
490 _aالجيوش المصرية
_v0
650 0 4 _aمصر
650 0 4 _aالجيش
650 0 4 _aمصر - تاريخ - العصر الحديث - عصر محمد على ( 1805- 1849 م )
942 _2ddc
_cBK
999 _c28303
_d28303